000 01838nam a22002417a 4500
003 AR-RoUNCS
005 20260209151103.0
008 100317s2001 ag gr 000 f spa
015 _aAR-2001
020 _a950-07-0428-5
040 _aAR-BaBN
_bspa
_cAR-RoUNCS
_eaacr
044 _aag
_car-c
080 1 _a82-32(862)
_22016
100 1 _aGarcía Márquez, Gabriel,
_d1927-2014
_eautor
_4aut
245 1 0 _aCrónica de una muerte anunciada /
_cGabriel García Márquez.
250 _a16 ed.
260 _aBuenos Aires :
_bSudamericana,
_c2001.
300 _a190 p. ;
_c20cm.
520 3 _aAcaso sea Crónica de una muerte anunciada la obra más «realista» de Gabriel García Márquez, pues se basa en un hecho histórico acontecido en la tierra natal del escritor. Cuando empieza la novela, ya se sabe que los hermanos Vicario van a matar a Santiago Nasar -de hecho, ya le han matado- para vengar el honor ultrajado de su hermana Ángela, pero el relato termina precisamente en el momento en que Santiago Nasar muere. El tiempo cíclico, tan utilizado por García Márquez en sus obras, reaparece aquí minuciosamente descompuesto en cada uno de sus momentos, reconstruido prolija y exactamente por el narrador, que va dando cuenta de lo que sucedió mucho tiempo atrás, que avanza y retrocede en su relato y hasta llega mucho tiempo después para contar el destino de los supervivientes. La acción es, a un tiempo, colectiva y personal, clara y ambigua, y atrapa al lector desde un principio, aunque este conozca el desenlace de la trama. La dialéctica entre mito y realidad se ve potenciada aquí, una vez más, por una prosa tan cargada de fascinación que la eleva hasta las fronteras de la leyenda.
_c(Descripción del editor).
650 7 _2embne
_aLiteratura colombiana
655 7 _aNovelas cortas
_2embne
942 _2udc
_cLPD
_n0
999 _c893
_d893